Хроніки війни.Україна 2014-2025. (Запис № 17309)

000 -Маркер запису
Контрольне поле сталої довжини 01695nam a22002417a 4500
003 - Належність контрольного номера
Контрольне поле Uzh_bibl
008 - Кодовані дані
Контрольне поле сталої довжини 260409b |||||||| |||| 00| 0 ukr d
020 ## - Індекс ISBN
Ціна 300.00
040 ## - Джерело каталогіз.
Код мови каталог. укр.
041 ## - Код мови видання
Код мови оригіналу українська
Код мови тексту українська
080 ## - Індекс УДК
Індекс УДК 94(477)
090 ## - Шифри
Поличний індекс 94(477)
Авторський знак Х 94
100 ## - Автор
Автор
245 ## - Назва
Назва Хроніки війни.Україна 2014-2025.
Фізичний носій Альбом
260 ## - Вихідні дані
Місце видання Київ
Видавництво Publish Pro
Дата видання 2025
300 ## - Фізичний опис
Обсяг 362 с.
Ілл./тип відтвор. фото.
Тип одиниці В опр.
520 ## - Анотація
Анотація Фотокнига «ХРОНІКИ ВІЙНИ: УКРАЇНА 2014–2025» — це потужне свідчення десятирічної боротьби України за свободу, що документує найбільшу трагедію новітньої історії Європи очима тих, хто був у самому її епіцентрі. У книзі зібрано понад 360 фотографій і десятки свідчень, зафіксованих українськими документалістами та фотожурналістами з 2014 року — від Революції Гідності до щоденних реалій повномасштабної війни. Через об’єктиви фотографів постає хроніка спротиву, втрат, гідності й незламності, що стає не лише мистецьким артефактом, а й важливим історичним джерелом.
521 ## - Примітка про цільове призначення
Примітка про цільове призначення Для широкого кола читачів
546 ## - Примітка про мову
Примітка про мову укр.
650 ## - Тематичні рубрики
Основна рубрика Популярне видання
655 ## - Термін індексування — жанр/форма
Жанр/форма Фотоальбом
942 ## - ADDED ENTRY ELEMENTS (KOHA)
Джерело класифікації чи схема поличного розташування
Koha item type Книги
Фонди
Статус вилучення Статус втрати/відсутності Джерело класифікації чи схема поличного розташування Статус пошкодження Тип обігу (не для випозичання) Постійне розташування Поточне розташування Розташування у відділі Дата надходження Джерело надходження (постачальник) Інвентарний номер Total Checkouts Повний (примірниковий) шифр зберігання Штрих-код Date last seen Дата, для якої чинна ціна заміни Тип одиниці (рівень примірника)
          Публічна бібліотека Публічна бібліотека Читальна зала 08/04/2026 Подаровані 80848   94(477) 19302 09/04/2026 09/04/2026 Книги

Працює на АБІС Коха